War: what is it good for? (Record no. 72829)

MARC details
000 -LEADER
fixed length control field 00918cam a2200229 4500
001 - CONTROL NUMBER
control field ABS66771
008 - FIXED-LENGTH DATA ELEMENTS--GENERAL INFORMATION
fixed length control field 030605n2003 000 0 eng u
035 ## - SYSTEM CONTROL NUMBER
System control number (Sirsi) u122527
100 ## - MAIN ENTRY--PERSONAL NAME
Personal name Wason, A.
245 ## - TITLE STATEMENT
Title War: what is it good for?
260 ## - PUBLICATION, DISTRIBUTION, ETC.
Date of publication, distribution, etc. 2003
490 ## - SERIES STATEMENT
Series statement Estates Gazette
Volume/sequential designation (0318) 3 May 2003, 50-52(3)
520 ## - SUMMARY, ETC.
Summary, etc. Discusses the oppportunites which have emerged due to the reconstruction of Iraq's cities after the war. Warns that chances for real estate firms to redevelop the area may be hindered by the political instability of the region and the need to support the humanitarian efforts taking place, but nevertheless investment activity is expected to increase.
590 ## - LOCAL NOTE (RLIN)
Local note ABS
650 ## - SUBJECT ADDED ENTRY--TOPICAL TERM
Topical term or geographic name entry element IRAQ
650 ## - SUBJECT ADDED ENTRY--TOPICAL TERM
Topical term or geographic name entry element WAR DAMAGE
650 ## - SUBJECT ADDED ENTRY--TOPICAL TERM
Topical term or geographic name entry element RECONSTRUCTION
650 ## - SUBJECT ADDED ENTRY--TOPICAL TERM
Topical term or geographic name entry element REDEVELOPMENT
650 ## - SUBJECT ADDED ENTRY--TOPICAL TERM
Topical term or geographic name entry element INVESTMENT OPPORTUNITIES
690 ## - LOCAL SUBJECT ADDED ENTRY--TOPICAL TERM (OCLC, RLIN)
Topical term or geographic name as entry element BUILDING AND CONSTRUCTION-PROJECTS
942 ## - ADDED ENTRY ELEMENTS (KOHA)
Suppress in OPAC 0
Holdings
Withdrawn status Lost status Source of classification or shelving scheme Damaged status Not for loan Home library Current library Shelving location Date acquired Total Checkouts Full call number Barcode Date last seen Copy number Price effective from Koha item type
    Dewey Decimal Classification     London London Journal article 05/06/2003   ABS66771 122527-1001 06/08/2019 1 06/08/2019 Journal article